书目信息 |
| 题名: |
Intranet组网、管理与应用:组网篇
|
|
| 作者: | 温晓军 编著 | |
| 分册: | ||
| 出版信息: | 北京 人民邮电出版社 1999.10 |
|
| 页数: | 279页 | |
| 开本: | 16开 | |
| 丛书名: | ||
| 单 册: | ||
| 中图分类: | TP393.4 | |
| 科图分类: | ||
| 主题词: | 计算机应用 | |
| 电子资源: | ||
| ISBN: | 7-115-08131-X | |
| 000 | 00605nam0 2200193 45 | |
| 001 | 0005161082 | |
| 005 | 20000929152747.2 | |
| 010 | @a7-115-08131-X@d28.00元 | |
| 100 | @a20000516d1999 km y0chiy0120 ea | |
| 101 | @achi | |
| 105 | @a z 000yy | |
| 200 | 1 | @aIntranet组网、管理与应用:组网篇@AIntranet Zu Wang、Guan Li Yu Ying Yong:Zu Wang Pian@f温晓军等编著@FWen Xiao Jun Deng Bian Zhu |
| 210 | @a北京@c人民邮电出版社@d1999.10 | |
| 215 | @a279页@d16开 | |
| 606 | 0 | @a计算机应用 |
| 690 | @aTP393.4@v3 | |
| 701 | @a温晓军@4编著 | |
| 801 | @aCN@bPftUser@c20000516 | |
| 905 | @dTP393.4@eW360@b159171-172@f2 | |
| Intranet组网、管理与应用:组网篇/温晓军等编著.-北京:人民邮电出版社,1999.10 |
| 279页;16开 |
| ISBN 7-115-08131-X:28.00元 |
| ● |
| 相关链接 |
|
|
|
正题名:Intranet组网、管理与应用:组网篇
索取号:TP393.4/W360
 
预约/预借
| 序号 | 登录号 | 条形码 | 馆藏地/架位号 | 状态 | 备注 |
| 1 | 159171 | 201591713 | 期刊室512/301自科库 134排2列3层/ [索取号:TP393.4/W360] | 在馆 | |
| 2 | 159172 | 201591722 | 自科二线504/504自科库 5排3列2层/ [索取号:TP393.4/W360] | 在馆 |